Supernatural romance; (Record no. 208524)

MARC details
000 -LEADER
fixed length control field 00594nam a22002057a 4500
005 - DATE AND TIME OF LATEST TRANSACTION
control field 20250115115854.0
010 ## - LCCN (DPL NO)
LC control number ENG-143417
020 ## - INTERNATIONAL STANDARD BOOK NUMBER
Terms of availability 9789391317645
035 ## - SYSTEM CONTROL NUMBER
System control number EN-126949
037 ## - SOURCE OF ACQUISITION
Source of stock number/acquisition DBAD
082 ## - DEWEY DECIMAL CLASSIFICATION NUMBER
Classification number s
100 ## - MAIN ENTRY--PERSONAL NAME
Personal name Vikram & Friends
245 ## - TITLE STATEMENT
Title Supernatural romance;
Remainder of title Horrific potion of love & fear/
260 ## - PUBLICATION, DISTRIBUTION, ETC. (IMPRINT)
Place of publication, distribution, etc Noida
Name of publisher, distributor, etc Book Street Publication
270 ## - ADDRESS
Address 2203, Express trade Towers-2, Sector-132, Noida
City UP
Postal code 201304.
300 ## - PHYSICAL DESCRIPTION
Extent 186 p.
Dimensions 21 cm(pb)
600 ## - SUBJECT ADDED ENTRY--PERSONAL NAME
Dates associated with a name vikram & friends
700 ## - ADDED ENTRY--PERSONAL NAME
Personal name Vikram & friends
9 (RLIN) 76612
942 ## - ADDED ENTRY ELEMENTS (KOHA)
Source of classification or shelving scheme Dewey Decimal Classification
Item type English Books
Call number suffix vik
Classification part s
Holdings
Withdrawn status Lost status Materials specified (bound volume or other part) Not for loan Collection code Home library Current library Date acquired Source of acquisition Cost, normal purchase price Full call number Barcode Copy number Cost, replacement price Koha item type
    Vol2   Fiction Central Library Central Library 15/01/2025 DBAD 50.00 vik s EN-126949 1 50.00 English Books

© Delhi Public Library
Hit Counter
free hit counter